|
|
|
|
| LEADER |
01452nam a2200289 a 4500 |
| 001 |
2548492 |
| 008 |
100110s1992 sa a bf 000 0 eng d |
| 010 |
|
|
|a 94145691
|
| 020 |
|
|
|a 1868081087
|
| 040 |
|
|
|a NNC
|c NNC
|d DLC
|d BD-DhAAL
|
| 082 |
0 |
0 |
|a 376/.968
|2 20
|
| 100 |
1 |
|
|a Mackenzie, Liz.
|
| 245 |
1 |
0 |
|a On our feet :
|b taking steps to challenge women's oppression : a handbook on gender and popular education workshops /
|c by Liz Mackenzie.
|
| 250 |
|
|
|a 1st ed.
|
| 260 |
|
|
|a Bellville, South Africa :
|b Centre for Adult and Continuing Education, University of the Western Cape,
|c 1992
|g (1993 printing)
|
| 300 |
|
|
|a 171 p. :
|b ill. ;
|c 30 cm.
|
| 500 |
|
|
|a "IIZ/DVV Supplement to Adult education and development, no. 41/1993"--Cover.
|
| 504 |
|
|
|a Includes bibliographical references (p. 168-171).
|
| 541 |
1 |
|
|e 00007527
|
| 650 |
|
0 |
|a Adult education of women
|z South Africa
|x Handbooks, manuals, etc.
|
| 650 |
0 |
0 |
|a Sex discrimination against women
|z South Africa
|x Handbooks, manuals, etc.
|
| 650 |
|
0 |
|a Workshops (Adult education)
|z South Africa
|x Handbooks, manuals, etc.
|
| 710 |
2 |
|
|a University of the Western Cape.
|b Centre for Adult and Continuing Education.
|
| 730 |
0 |
|
|a Adult education and development.
|p No. 41 (Supplement)
|
| 852 |
4 |
|
|a Ayesha Abed Library
|j General shelf
|
| 999 |
|
|
|c 6838
|d 6838
|
| 952 |
|
|
|0 0
|1 0
|2 ddc
|4 0
|6 376_968000000000000_MAC_1992
|7 0
|9 7048
|a BRACUL
|b BRACUL
|c GEN
|d 2010-01-11
|l 0
|o 376.968 MAC
|p 3010007527
|r 2010-01-11
|t 1
|w 2010-01-11
|y BK
|